000 00932nam a2200265 a 4500
001 49484
003 BD-RjUL
005 20211209054703.0
008 160821s1966 ua a b 001 0 eng
035 _a(BD-RjUL)49603
040 _aDLC
_cDLC
_dDLC
_dBD-RjUL
_beng
041 _aeng
082 0 0 _a359.0091822
_223
_bFAM 1966
100 1 _aFahmy, Aly Mohamed.
_9148457
245 1 0 _aMuslim naval organisation in the eastern Mediterranean :
_bfrom the seventh to the tenth century A.D. /
_cAly Mohamed Fahmy
250 _a2d ed.
260 _aCairo,
_bNational Publication & Print. House,
_c1966.
300 _axiii, 204 p. :
_bill ;
_c24 cm.
504 _aBibliography and index
650 0 _aNaval art and science
_xHistory.
_9148458
650 0 _aShips, Medieval
_zMediterranean Region.
_9148474
651 0 _aMediterranean Region
_xHistory, Naval.
_9148475
651 0 _aIslamic Empire
_xHistory, Naval.
_9148476
942 _2ddc
_cBK
999 _c49484
_d49484